| 000 | 00939nam2a2200229 4500 | ||
|---|---|---|---|
| 001 | RU\NLR\ONL1\22277 | ||
| 005 | 20250613223546.0 | ||
| 035 | _a(NLR Aleph) 010207998 | ||
| 090 |
_a10261520 _c10261520 |
||
| 100 | _a20130222d1939 |||y0rusy50 ca | ||
| 101 | 0 | _apem | |
| 102 | _aRU | ||
| 105 | _aa ||||||||| | ||
| 200 | 0 |
_aЧ. 1 _e1 да 2 классэзлö |
|
| 210 |
_d1939 _aБ. м. |
||
| 215 |
_a80 с. _cил. |
||
| 461 | 0 |
_1001RU\NLR\ONL1\22276 _12001#$aКоми кыв грамматика$eнач. школа понда$fА.Т.Мошегова$vЧ. 1 _1700#1$aМошегова$bА. Т.$gАнна Трофимовна$4070 _910261517 _aМошегова, А. Т. _cКудымкар _d1939 _fА.Т.Мошегова _nКомипермгиз _oнач. школа понда _tКоми кыв грамматика _vЧ. 1 |
|
| 801 | 0 |
_aRU _bNLR _c20130222 _gPSBO |
|
| 852 |
_aNLR _bОНЛ _jКоми-п./3-141 |
||
| 942 | _cBOOK | ||
| 980 | _aNB | ||